NBA 8 Seed Upsets - Statistics

General Stats
  • This quiz has been taken 40 times
  • The average score is 5 of 6
Answer Stats
Year One Seed Eight Seed MVP % Correct
2023 Milwaukee Bucks Miami Heat Jimmy Butler
97%
1999 Mami Heat New York Knicks Patrick Ewing
94%
2007 Dallas Mavericks Golden State Warriors Baron Davis
80%
2011 San Antonio Spurs Memphis Grizzlies Zach Randolph
80%
1994 Seattle SuperSonics Denver Nuggets Dikembe Mutombo
77%
2012 Chicago Bulls Philadelphia 76ers Jrue Holiday
69%
No matching quizzes found
Score Distribution
Percent of People with Each Score
Percentile by Number Answered
Your Score History
You have not taken this quiz